[Event "SM-2011-0-00174"]
[Site "LSS email"]
[Date "2011.10.21"]
[Round "?"]
[White "Latour, Gerard"]
[Black "Meissner, Ruediger"]
[Result "1/2-1/2"]
[WhiteElo "2188"]
[BlackElo "2096"]
[PlyCount "42"]
[EventDate "2011.09.20"]
[EventType "tourn (corr)"]
[EventRounds "6"]
[EventCountry "GER"]
[SourceTitle "Telechess CBM 153"]
[Source "ChessBase"]
[SourceDate "2013.03.14"]
[SourceVersion "1"]
[SourceVersionDate "2013.03.14"]
[SourceQuality "1"]

1. e4 c5 2. Nf3 Nc6 3. d4 cxd4 4. Nxd4 g6 5. c4 Nf6 6. Nc3 d6 7. Be2 Nxd4 8. Qxd4 Bg7 9. Be3 0-0 10. Qd2 Be6 11. 0-0 Qa5 12. b3 a6 13. Rac1 Rfc8 14. Bf3 Rab8 15. Ba7 Ra8 16. Bd4 Rab8 17. Rfe1 Nd7 18. Bxg7 Kxg7 19. Qd4+ Qe5 20. Qxe5+ Nxe5 21. Be2 g5 1/2-1/2

[Event "LSS RA-2010-0-00109"]
[Site "LSS email"]
[Date "2010.11.01"]
[Round "?"]
[White "Almeida, Ramiro da Costa"]
[Black "Latour, Gerard"]
[Result "1/2-1/2"]
[WhiteElo "2172"]
[BlackElo "2138"]
[PlyCount "73"]
[EventDate "2010.09.23"]
[EventType "tourn (corr)"]
[EventRounds "6"]
[EventCountry "GER"]
[SourceTitle "Telechess CBM 143"]
[Source "ChessBase"]
[SourceDate "2011.07.15"]
[SourceVersion "1"]
[SourceVersionDate "2011.07.15"]
[SourceQuality "1"]

1. e4 c5 2. Nf3 d6 3. d4 cxd4 4. Nxd4 Nf6 5. Nc3 a6 6. Be3 e5 7. Nb3 Be6 8. f3 Nbd7 9. Qd2 h5 10. Nd5 Bxd5 11. exd5 g6 12. Be2 Bg7 13. 0-0-0 b5 14. Kb1 Nb6 15. Na5 Nbxd5 16. Bg5 0-0 17. Qxd5 Nxd5 18. Bxd8 Nf4 19. Be7 Rfe8 20. Bxd6 Nxe2 21. Rhe1 Nf4 22. Rd2 Re6 23. Red1 Rc8 24. Nb7 Bf8 25. c3 Bxd6 26. Nxd6 Rd8 27. g3 Nh3 28. Ne4 Rxd2 29. Rxd2 Rc6 30. Rd8+ Kg7 31. Rd7 Ng1 32. Rd3 Kh6 33. h4 Kg7 34. Re3 Nh3 35. Re2 f5 36. Nd2 Kf6 37. Rh2 1/2-1/2

[Event "LSS RA-2010-0-00109"]
[Site "LSS email"]
[Date "2010.11.01"]
[Round "?"]
[White "Ramponelli, Roberto"]
[Black "Latour, Gerard"]
[Result "1/2-1/2"]
[WhiteElo "2061"]
[BlackElo "2128"]
[PlyCount "49"]
[EventDate "2010.09.23"]
[EventType "tourn (corr)"]
[EventRounds "6"]
[EventCountry "GER"]
[SourceTitle "Telechess CBM 143"]
[Source "ChessBase"]
[SourceDate "2011.07.15"]
[SourceVersion "1"]
[SourceVersionDate "2011.07.15"]
[SourceQuality "1"]

1. d4 Nf6 2. c4 e6 3. Nc3 d5 4. Bg5 Be7 5. e3 0-0 6. Nf3 h6 7. Bh4 b6 8. Be2 Bb7 9. Rc1 dxc4 10. Bxc4 c5 11. 0-0 Nbd7 12. Qe2 Nd5 13. Bg3 Nxc3 14. Rxc3 a6 15. a4 Nf6 16. Be5 cxd4 17. Bxd4 Ne4 18. Rcc1 Bc5 19. Rfd1 Qe7 20. Ne5 Bxd4 21. Rxd4 Rfd8 22. Rcd1 Rxd4 23. Rxd4 Qc7 24. f4 Rd8 25. Rxd8+ 1/2-1/2

[Event "LSS SA-2009-0-00060"]
[Site "LSS email"]
[Date "2009.05.29"]
[Round "?"]
[White "Latour, Gerard"]
[Black "Siger, Csaba"]
[Result "1-0"]
[WhiteElo "2090"]
[BlackElo "2064"]
[PlyCount "63"]
[EventDate "2009.05.02"]
[EventType "tourn (corr)"]
[EventRounds "6"]
[EventCountry "GER"]
[SourceTitle "Corr 2022"]
[Source "ChessBase"]
[SourceDate "2021.10.24"]
[SourceVersion "1"]
[SourceVersionDate "2021.10.24"]
[SourceQuality "1"]

1. e4 c6 2. d4 d5 3. e5 Na6 4. Nf3 Nc7 5. Bd3 g6 6. h3 h5 7. 0-0 Nh6 8. a4 Bf5 9. Be2 a5 10. Ra3 Ne6 11. Be3 Bg7 12. Re1 Nc7 13. Nh4 Be6 14. Rb3 Qb8 15. Bd3 Qc8 16. Nd2 Nf5 17. Nxf5 Bxf5 18. Bxf5 gxf5 19. Nf3 h4 20. Qd2 Ne6 21. Qd3 Rh5 22. c4 dxc4 23. Qxc4 Qd7 24. Rb6 0-0-0 25. Rc1 Qd5 26. Qc3 f4 27. Rb5 fxe3 28. Rxd5 exf2+ 29. Kf1 Rxd5 30. Qc4 Nf4 31. b4 axb4 32. a5 1-0

[Event "LSS RB-2008-0-00036"]
[Site "LSS email"]
[Date "2008.12.26"]
[Round "?"]
[White "Latour, Gerard"]
[Black "Kroes, Friso"]
[Result "1-0"]
[WhiteElo "1982"]
[BlackElo "1962"]
[PlyCount "133"]
[EventDate "2008.12.18"]
[EventType "tourn (corr)"]
[EventRounds "6"]
[EventCountry "GER"]
[SourceTitle "Corr 2011"]
[Source "ChessBase"]
[SourceDate "2010.08.31"]
[SourceVersion "1"]
[SourceVersionDate "2010.08.31"]
[SourceQuality "1"]

1. e4 c5 2. Nf3 Nc6 3. d4 cxd4 4. Nxd4 Nf6 5. Nc3 e5 6. Ndb5 d6 7. Bg5 a6 8. Na3 b5 9. Nd5 Be7 10. Bxf6 Bxf6 11. c3 0-0 12. Nc2 Bg5 13. a4 bxa4 14. Rxa4 a5 15. Bc4 Rb8 16. b3 Kh8 17. 0-0 f5 18. exf5 Bxf5 19. Nce3 Bg6 20. Re1 e4 21. Ng4 Qc8 22. h3 Qd7 23. Re2 Rfd8 24. Rb2 Rf8 25. b4 axb4 26. cxb4 Ne7 27. Rba2 Qc6 28. Nge3 Nf5 29. Nxf5 Qxc4 30. Nfe3 Qd3 31. Rd2 Qb5 32. Ra7 Rb7 33. Rxb7 Qxb7 34. Rb2 Qb5 35. Qd4 h5 36. Ra2 Bf7 37. Ra7 Qd3 38. Qa1 Bh6 39. Nf5 Bxd5 40. Nxh6 Rf6 41. Nf5 Bf7 42. Qc1 Qd5 43. Ra5 Qb7 44. Qd2 d5 45. Qg5 Bg6 46. Ne3 Qxb4 47. Ra8+ Kh7 48. Nxd5 Qe1+ 49. Kh2 Qxf2 50. Nxf6+ gxf6 51. Qg3 Qb6 52. Rf8 e3 53. Rc8 Qe6 54. Rc3 e2 55. Re3 Qd7 56. Rxe2 Kg7 57. Re3 Kh6 58. Qb8 Kg7 59. Qb6 Qd5 60. Qc7+ Kg8 61. Qe7 Qf5 62. Rf3 Qe5+ 63. Qxe5 fxe5 64. Re3 e4 65. Kg3 Kf7 66. Kf4 Kf6 67. Rxe4 1-0

[Event "IECG RI.2007.0.00092 email"]
[Site "IECG email"]
[Date "2007.02.10"]
[Round "?"]
[White "Latour, Gerard"]
[Black "Pott, Brian"]
[Result "1-0"]
[WhiteElo "1987"]
[BlackElo "1930"]
[PlyCount "69"]
[EventDate "2007.02.10"]
[EventType "tourn (corr)"]
[EventRounds "6"]
[SourceTitle "Corr 2008"]
[Source "ChessBase"]
[SourceDate "2008.06.24"]
[SourceVersion "1"]
[SourceVersionDate "2008.06.24"]
[SourceQuality "1"]

1. e4 e5 2. Nf3 Nc6 3. d4 exd4 4. Nxd4 Bc5 5. Be3 Qf6 6. c3 Nge7 7. Bc4 Ne5 8. Be2 Qg6 9. 0-0 d6 10. f3 0-0 11. Nd2 Bb6 12. Nc4 Nxc4 13. Bxc4 Be6 14. Bxe6 fxe6 15. a4 a5 16. Qb3 d5 17. Rae1 Rad8 18. Bf2 Rf7 19. exd5 Bxd4 20. Bxd4 Nxd5 21. Be5 b6 22. Rf2 Rdf8 23. Bg3 Rf5 24. Rfe2 R8f6 25. Qc4 Qe8 26. Rd2 Qa8 27. b3 c5 28. Qe4 Qc8 29. c4 Nf4 30. Red1 Rf8 31. Rd6 e5 32. Rxb6 Rd8 33. Rdd6 Rff8 34. h3 Rde8 35. Rb5 1-0

[Event "IECG QB.2003.0.00033 email"]
[Site "IECG email"]
[Date "2003.03.18"]
[Round "1"]
[White "Latour, Gerard"]
[Black "Blankenship, Terry"]
[Result "1-0"]
[WhiteElo "1800"]
[BlackElo "1800"]
[PlyCount "97"]
[EventDate "2003.03.18"]
[EventType "tourn (corr)"]
[EventRounds "6"]
[SourceTitle "Corr 2008"]
[Source "ChessBase"]
[SourceDate "2008.06.24"]
[SourceVersion "1"]
[SourceVersionDate "2008.06.24"]
[SourceQuality "1"]

1. e4 c5 2. Nf3 Nc6 3. d4 cxd4 4. Nxd4 Qb6 5. Nb3 Nf6 6. Nc3 Qd8 7. f4 e5 8. fxe5 Nxe5 9. Bf4 Ng6 10. Bd6 Bxd6 11. Qxd6 Qe7 12. Qxe7+ Kxe7 13. Be2 d6 14. 0-0-0 Ne5 15. Nd4 a6 16. Rhf1 g6 17. Rf4 Be6 18. Rdf1 Nfd7 19. a4 Rac8 20. Kd2 h5 21. a5 Rc5 22. b4 Rcc8 23. h3 Rc7 24. Nd5+ Bxd5 25. exd5 f5 26. Ne6 Rcc8 27. c4 h4 28. Rc1 Nf6 29. Ng5 Nf7 30. Nxf7 Kxf7 31. Bf3 Nd7 32. c5 dxc5 33. Rfc4 Ne5 34. Rxc5 Rb8 35. Rc7+ Kf6 36. Ke3 Rhe8 37. Kd4 Nxf3+ 38. gxf3 Re2 39. R7c2 Rxc2 40. Rxc2 g5 41. Re2 g4 42. fxg4 fxg4 43. Re6+ Kg5 44. Re5+ Kf4 45. Re4+ Kg3 46. Rxg4+ Kxh3 47. Rg6 Kh2 48. d6 Rd8 49. Kd5 1-0

[Event "IECG QB.2003.0.00033 email"]
[Site "IECG email"]
[Date "2003.03.18"]
[Round "?"]
[White "Malmstroem, Jan"]
[Black "Latour, Gerard"]
[Result "0-1"]
[WhiteElo "1904"]
[BlackElo "1800"]
[PlyCount "90"]
[EventDate "2003.03.18"]
[EventType "tourn (corr)"]
[EventRounds "6"]
[SourceTitle "Corr 2008"]
[Source "ChessBase"]
[SourceDate "2008.06.24"]
[SourceVersion "1"]
[SourceVersionDate "2008.06.24"]
[SourceQuality "1"]

1. e4 c5 2. Nf3 d6 3. d4 cxd4 4. Nxd4 Nf6 5. Nc3 a6 6. Be2 e5 7. Nb3 Be6 8. 0-0 Nbd7 9. Qd3 Rc8 10. Bg5 Be7 11. Rad1 0-0 12. Rfe1 Qb6 13. Qf3 Qc6 14. Qg3 Kh8 15. Qh4 Rfe8 16. Rd3 b5 17. a3 h6 18. Rg3 Ng8 19. Rd1 Bxg5 20. Rxg5 Nf8 21. Rg3 Ng6 22. Qh5 Nf6 23. Qf3 Nf4 24. Qe3 N6h5 25. Bxh5 Nxh5 26. Rf3 Bg4 27. Rd2 Bxf3 28. Qxf3 Nf6 29. h3 Kg8 30. Qe3 Rb8 31. Kh2 b4 32. axb4 Rxb4 33. f3 Ra8 34. g4 Qb6 35. Qd3 a5 36. Na2 a4 37. Nxb4 Qxb4 38. Qxd6 Qxd6 39. Rxd6 axb3 40. cxb3 Rb8 41. Rd3 Nh7 42. h4 Nf8 43. Kg3 Ne6 44. Kf2 Nf4 45. Rc3 g6 0-1